01706nam a2200457 i 450000100060000000300080000600500170001400600190003100700150005000800410006502000180010602000270012403500230015103500240017403500250019803500220022304000310024505000220027608000110029808200140030910000260032324500780034925000230042726400300045030000410048033600310052133700330055233800430058549000360062850400290066458801260069359001640081965000270098365000350101065500270104570000410107279700190111383000370113285600620116999900170123126723FlNmELB20241216215926.0m o d | cr cnu||||||||150128s2011 sp ob 000 0 spa d a9788431327552 a9788431353865 (e book) a(MiAaPQ)EBC3208077 a(Au-PeEL)EBL3208077 a(CaPaEBR)ebr10647344 a(OCoLC)1105876747 aFINmELBbspaerdacFINmELB 4aLB14.7bA465 2011 a37.0110 a370.12231 aAltarejos, Francisco.10aFilosofía de la educación /cFrancisco Altarejos, Concepción Naval. aTercera edición. 1aPamplona :bEUNSA,c2011. a1 recurso en línea (230 páginas) atextobtxt2rdacontent/spa acomputadorabc2rdamedia/spa arecurso en líneabcr2rdacarrier/spa1 aColección filosófica ;v154 aContiene bibliografía. aDescripción basada en recurso en línea; Título de la página del título en PDF (e-libro, visto Januar 28, 2015). aRecurso electrónico. Santa Fe, Arg.: e-libro, 2015. Disponible vía World Wide Web. El acceso puede estar limitado para las bibliotecas afiliadas a e-libro. 0aEducationxPhilosophy. 4aFilosofía de la educación. 4aLibros electrónicos.1 aNaval Durán, Concepción,eautor.2 ae-libro, Corp. 0aColección filosófica ;v154.40uhttps://elibro.net/ereader/politecnicointernacional/47101 c26723d26723